Biggest Cities in Yugoslavia (with map) - Statistics

General Stats
  • This quiz has been taken 2,223 times
  • The average score is 14 of 22
Answers on the Map
Answers color-coded by a green-red scale on the quiz's map according to % correct below.
 
Answer Stats
Pop Cities % Correct
1.13 m Belgrade
99%
933 k Zagreb
99%
527 k Sarajevo
98%
258 k Ljubljana
95%
444 k Skopje
94%
207 k Split
89%
198 k Novi Sad
84%
199 k Pristina
80%
173 k Niš
72%
195 k Banja Luka
71%
126 k Mostar
69%
206 k Rijeka
68%
136 k Zadar
64%
165 k Osijek
55%
150 k Subotica
51%
131 k Tuzla
50%
175 k Prizren
45%
180 k Kragujevac
44%
145 k Zenica
41%
136 k Zrenjanin
29%
161 k Leskovac
28%
138 k Kruševac
23%
No matching quizzes found
Score Distribution
Percent of People with Each Score
Percentile by Number Answered
Your Score History
You have not taken this quiz